• 首页
  • 本馆介绍
  • 公告通知
  • 最新文献
  • 馆藏检索
  • 电子资源
  • 读者导购
  • 参考咨询
  • 我的图书馆
  • 登录
  • 详细信息显示
  • 放入我的书架
  • 预约/预借图书
  • 作者相关作品
  • 分类相关作品
  • 丛书相关作品
  • 出版社相关作品

书目信息

  • 表格格式
  • 工作单格式
  • 卡片格式
题名:
实用摄影暗房技术问答
    
 
作者: 唐光波 著
分册:  
出版信息: 杭州   浙江摄影出版社  2000
页数: 200页
开本: 20cm
丛书名:
单 册:
中图分类: TB88
科图分类:
主题词: 摄影--洗印--技术
电子资源:
ISBN: 7-80536-675-6
000 00539nam0 2200181 450
001 0735592734
005 20070906095312.73
010    @a7-80536-675-6@d¥20.00
100    @a20070906d km y0chiy0120 ea
101 0  @achi
200 1  @a实用摄影暗房技术问答@Ashi yong she ying an fang ji shu wen da@f唐光波著@Ftang guang bo zhu
210    @a杭州@c浙江摄影出版社@d2000
215    @a200页@d20cm
606 0  @a摄影@x洗印@x技术
690    @aTB88@v3
701  0 @a唐光波@Atang guang bo@4著
801  0 @aCN@bPFT@c20070906
905    @a213230@dTB88@eP26@f1
    
    实用摄影暗房技术问答/唐光波著.-杭州:浙江摄影出版社,2000
    200页;20cm
    
    
    ISBN 7-80536-675-6:¥20.00
    
●
相关链接 在E读中查询图书 在五车中查询图书 在当当中查询图书 在豆瓣中查询图书


正题名:实用摄影暗房技术问答     索取号:TB88/P26         预约/预借

序号 登录号 条形码 馆藏地/架位号 状态 备注
1 7200570   272005705   密集书库-物理学院/ [索取号:TB88/P26] 在馆    
2 7200571   272005714   密集书库-物理学院/ [索取号:TB88/P26] 在馆    
唐山师范学院图书馆 欢迎您!
大连网信软件有限公司© 版权所有